<?xml version="1.0" encoding="UTF-8"?>
<collection xmlns="http://www.loc.gov/MARC21/slim">
  <record>
    <leader>00000nam  2200000   4500</leader>
    <controlfield tag="001">INLIS000000000020374</controlfield>
    <controlfield tag="005">20250616030345</controlfield>
    <datafield tag="035" ind1="#" ind2="#">
      <subfield code="a">0010-0625000116</subfield>
    </datafield>
    <controlfield tag="007">ta</controlfield>
    <controlfield tag="008">250616################g##########0#ind##</controlfield>
    <datafield tag="020" ind1="#" ind2="#">
      <subfield code="a">979 444 367 0</subfield>
    </datafield>
    <datafield tag="082" ind1="#" ind2="#">
      <subfield code="a">384</subfield>
    </datafield>
    <datafield tag="084" ind1="#" ind2="#">
      <subfield code="a">384 WIN m</subfield>
    </datafield>
    <datafield tag="100" ind1=" " ind2="#">
      <subfield code="a">Winarno, Bondan</subfield>
    </datafield>
    <datafield tag="245" ind1="1" ind2="#">
      <subfield code="a">Manajemen Transformasi BUMN :</subfield>
      <subfield code="b">Pengalaman PT Indosat /</subfield>
      <subfield code="c">Bondan Winarno</subfield>
    </datafield>
    <datafield tag="260" ind1="#" ind2="#">
      <subfield code="a">Jakarta :</subfield>
      <subfield code="b">Pustaka Utama Grafiti,</subfield>
      <subfield code="c">1996</subfield>
    </datafield>
    <datafield tag="300" ind1="#" ind2="#">
      <subfield code="a">xiv, 350 halaman :</subfield>
      <subfield code="b">ilus ;</subfield>
      <subfield code="c">21 cm</subfield>
    </datafield>
    <datafield tag="650" ind1="#" ind2="4">
      <subfield code="a">Telekomunikasi</subfield>
    </datafield>
    <datafield tag="520" ind1="#" ind2="#">
      <subfield code="a">Transformasi organisasi yang terjadi di PT Indosat adalah sebuah rangkaian proses kegiatan yang bisa dikategorikan sebagai quantum change.&#13;
Indosat adalah perusahaan yang morphing--terus-menerus beradaptasi dan melakukan transformasi -- selangkah di depan perubahan-perubahan yang mempengaruhinya. Karena itulah Indosat tak pernah melakukan tindakan drastis seperti turnaround dan sebagainya.</subfield>
    </datafield>
    <datafield tag="990" ind1="#" ind2="#">
      <subfield code="a">96111174</subfield>
    </datafield>
  </record>
</collection>
